[Event "Nova Scotia op"]
[Site "Halifax CAN"]
[Date "2023.06.10"]
[Round "2"]
[White "Charlton, Glenn"]
[Black "Dorrance, Adam"]
[Result "0-1"]
[WhiteElo "1993"]
[BlackElo "2404"]
[PlyCount "64"]
[EventDate "2023.06.09"]
[EventType "swiss"]
[EventRounds "5"]
[EventCountry "CAN"]

1. d4 d5 2. Nf3 Nf6 3. Bf4 c5 4. e3 Nc6 5. Nbd2 e6 6. c3 Bd6 7. Bg3 O-O 8. Bd3
Re8 9. Ne5 Bxe5 10. dxe5 Nd7 11. O-O Ndxe5 12. Bxe5 Nxe5 13. Bxh7+ Kxh7 14.
Qh5+ Kg8 15. Qxe5 f6 16. Qh5 Bd7 17. e4 Bc6 18. Rfe1 Qc7 19. e5 Qf7 20. Qh4 Qg6
21. Re3 Kf7 22. exf6 gxf6 23. Rae1 e5 24. Rg3 Rh8 25. Rxg6 Rxh4 26. Rg3 e4 27.
f3 f5 28. fxe4 dxe4 29. Rge3 Rd8 30. Nc4 Bd5 31. Na5 b6 32. Nb3 Kf6 0-1

[Event "Nova Scotia op"]
[Site "Halifax CAN"]
[Date "2023.06.10"]
[Round "2"]
[White "Heran-Boily, Samuel"]
[Black "Kapra, Jerjis"]
[Result "0-1"]
[WhiteElo "1951"]
[BlackElo "2200"]
[PlyCount "142"]
[EventDate "2023.06.09"]
[EventType "swiss"]
[EventRounds "5"]
[EventCountry "CAN"]

1. e4 e5 2. Nf3 Nc6 3. Bb5 Nge7 4. c3 d5 5. Nxe5 dxe4 6. d4 exd3 7. Qxd3 Qxd3
8. Nxd3 a6 9. Ba4 Bf5 10. Nf4 O-O-O 11. Be3 Ne5 12. O-O Nc4 13. Bc1 g5 14. Ne2
Bd3 15. Re1 h6 16. Bb3 Nd5 17. Nd2 Na5 18. Nf1 Nxb3 19. axb3 Bc5 20. Bd2 f5 21.
c4 Nb4 22. Bc3 Nc2 23. Bxh8 Rxh8 24. Nc3 Nxa1 25. Rxa1 Bc2 26. Rc1 Bd3 27. Nd5
Re8 28. Rc3 Be2 29. b4 Bd4 30. Rc2 Bh5 31. Rd2 Bg7 32. f3 f4 33. Kf2 Bf7 34. b3
Re5 35. g3 Bxd5 36. cxd5 Kd7 37. gxf4 gxf4 38. Rd4 Rf5 39. Re4 Kd6 40. Nd2 Kxd5
41. Re7 Bd4+ 42. Kg2 Rg5+ 43. Kh3 Rg7 44. Re4 Bc3 45. Nc4 b5 46. Na5 Be5 47.
Nc6 Bd6 48. Nb8 a5 49. bxa5 c5 50. Re8 Rb7 51. Na6 Ra7 52. Nb8 Rxa5 53. Nd7 Ra3
54. Nf6+ Kc6 55. Rc8+ Kb7 56. Rh8 Rxb3 57. Kg4 Rd3 58. Ne4 b4 59. Rxh6 Kc6 60.
Rh8 Bc7 61. Rh5 Bb6 62. Kxf4 b3 63. Rg5 c4 64. Rg2 Be3+ 65. Ke5 Bd4+ 66. Kf4 b2
67. Rg6+ Kb5 68. Nd6+ Kb4 69. Rg8 Ba7 70. Rg7 Rxd6 71. Rxa7 Rb6 0-1

[Event "Nova Scotia op"]
[Site "Halifax CAN"]
[Date "2023.06.10"]
[Round "2"]
[White "Sarja, Sriram"]
[Black "MacRitchie, Josh"]
[Result "1-0"]
[WhiteElo "2263"]
[BlackElo "1810"]
[PlyCount "45"]
[EventDate "2023.06.09"]
[EventType "swiss"]
[EventRounds "5"]
[EventCountry "CAN"]

1. Nf3 Nf6 2. c4 d6 3. d4 g6 4. Nc3 Bg7 5. e4 O-O 6. Be2 e5 7. O-O Nc6 8. d5
Ne7 9. b4 Nd7 10. c5 f5 11. Ba3 f4 12. Ng5 Nf6 13. b5 h6 14. Ne6 Bxe6 15. dxe6
Qc8 16. cxd6 cxd6 17. Rc1 Rd8 18. Nd5 Qxe6 19. Nc7 Qd7 20. Nxa8 Ne8 21. Bg4
Qxb5 22. Nc7 Nxc7 23. Rxc7 1-0

[Event "Nova Scotia op"]
[Site "Halifax CAN"]
[Date "2023.06.10"]
[Round "3"]
[White "Dorrance, Adam"]
[Black "Manley, Jason"]
[Result "1-0"]
[WhiteElo "2404"]
[BlackElo "2142"]
[PlyCount "93"]
[EventDate "2023.06.09"]
[EventType "swiss"]
[EventRounds "5"]
[EventCountry "CAN"]

1. d4 Nf6 2. c4 c5 3. d5 b5 4. cxb5 a6 5. f3 d6 6. e4 Nbd7 7. Na3 g6 8. Ne2
axb5 9. Nxb5 Bg7 10. Nec3 O-O 11. Be2 Ne8 12. Bg5 f5 13. Qd2 Rf7 14. O-O Ne5
15. f4 Nd7 16. exf5 gxf5 17. Bh5 Rf8 18. Bxe8 Rxe8 19. Nxd6 Rf8 20. Nxc8 Rxc8
21. Qe2 Rf7 22. Rfe1 Nf6 23. Bxf6 Bxf6 24. Qf3 Qb6 25. Rab1 Rd8 26. Kh1 Qa5 27.
Re2 Qb4 28. Rd1 Qc4 29. Rc2 Bg7 30. b3 Qb4 31. Ne2 e6 32. Rcd2 Rfd7 33. h3 Qe4
34. Qxe4 fxe4 35. d6 Bf8 36. Nc3 e3 37. Re2 Rxd6 38. Rxd6 Bxd6 39. g3 e5 40. f5
Bc7 41. Rxe3 Rd2 42. Re2 Rd3 43. Ne4 Bb6 44. Kg2 Kf7 45. Rd2 Re3 46. Nd6+ Kf6
47. Nc4 1-0

[Event "Nova Scotia op"]
[Site "Halifax CAN"]
[Date "2023.06.10"]
[Round "3"]
[White "Kalinin, Dzmitry"]
[Black "Sarja, Sriram"]
[Result "1-0"]
[WhiteElo "2132"]
[BlackElo "2263"]
[PlyCount "102"]
[EventDate "2023.06.09"]
[EventType "swiss"]
[EventRounds "5"]
[EventCountry "CAN"]

1. d4 Nf6 2. Nf3 e6 3. c4 b6 4. Nc3 Bb4 5. Bd2 Bb7 6. e3 O-O 7. Be2 c5 8. O-O
cxd4 9. Nxd4 Nc6 10. Nxc6 Bxc6 11. Bf3 Bxf3 12. Qxf3 Rc8 13. Qe2 Qc7 14. b3 a6
15. Ne4 Be7 16. Nxf6+ Bxf6 17. Rac1 Rfd8 18. e4 d6 19. Rfd1 Qc5 20. Be3 Qc6 21.
Bf4 Be5 22. Bxe5 dxe5 23. b4 Qa4 24. Rxd8+ Rxd8 25. c5 Qa3 26. Rd1 Rd4 27. cxb6
Qxb4 28. Rc1 Qxb6 29. Rc8+ Rd8 30. Rxd8+ Qxd8 31. Qxa6 Qd1+ 32. Qf1 Qc2 33. Qa1
Qa4 34. Qb1 h5 35. h4 Kh7 36. f3 Kg6 37. Qc1 f6 38. Qd2 Qa3 39. Kh2 Qa4 40. Qe2
Qa5 41. Qf2 Qa3 42. Qe2 Qa5 43. Qc4 Qe1 44. Qxe6 Qxh4+ 45. Qh3 Qf4+ 46. Qg3+
Kf7 47. Qxf4 exf4 48. g3 fxg3+ 49. Kxg3 g5 50. f4 Ke6 51. fxg5 fxg5 1-0

[Event "Nova Scotia op"]
[Site "Halifax CAN"]
[Date "2023.06.10"]
[Round "3"]
[White "Kapra, Jerjis"]
[Black "Marchand, Calix"]
[Result "1-0"]
[WhiteElo "2200"]
[BlackElo "2034"]
[PlyCount "81"]
[EventDate "2023.06.09"]
[EventType "swiss"]
[EventRounds "5"]
[EventCountry "CAN"]

1. e4 c5 2. Nc3 Nc6 3. Bb5 Nd4 4. Nf3 e6 5. O-O g6 6. Nxd4 cxd4 7. Ne2 Bg7 8.
c3 Qb6 9. a4 a6 10. Bc4 e5 11. cxd4 exd4 12. a5 Qc7 13. Qb3 d6 14. d3 Nf6 15.
Bg5 O-O 16. Rfc1 Qb8 17. Bh4 Bd7 18. h3 Qe8 19. Bg3 d5 20. Bxd5 Nxd5 21. Qxd5
Bc6 22. Qb3 Qd7 23. Rc5 Rfe8 24. Rac1 Rac8 25. R5c4 Qe6 26. Nf4 Qd7 27. Nd5
Rcd8 28. Bh4 Rb8 29. Ne7+ Kh8 30. Nxc6 bxc6 31. Qc2 Bh6 32. Bf6+ Kg8 33. Rd1 c5
34. Rxc5 Rec8 35. Bxd4 Bf8 36. Rxc8 Rxc8 37. Bc3 Bh6 38. Qb3 Bf4 39. Qb6 Qa4
40. Rf1 Qc2 41. Qf6 1-0

[Event "Nova Scotia op"]
[Site "Halifax CAN"]
[Date "2023.06.11"]
[Round "4"]
[White "Kalinin, Dzmitry"]
[Black "Dorrance, Adam"]
[Result "1/2-1/2"]
[WhiteElo "2132"]
[BlackElo "2404"]
[PlyCount "76"]
[EventDate "2023.06.09"]
[EventType "swiss"]
[EventRounds "5"]
[EventCountry "CAN"]

1. Nf3 c5 2. e3 Nf6 3. d4 d5 4. c4 cxd4 5. Nxd4 e5 6. Nf3 Nc6 7. Be2 d4 8. exd4
exd4 9. O-O Bc5 10. Ne1 O-O 11. Nd3 Bd6 12. Nd2 Re8 13. Nf3 h6 14. Re1 Ne4 15.
Bf4 Bf5 16. Bg3 Nxg3 17. hxg3 Nb4 18. Bf1 Bxd3 19. Rxe8+ Qxe8 20. Bxd3 Bxg3 21.
Qd2 Nxd3 22. Qxd3 Bc7 23. Qxd4 Rd8 24. Qc3 Qe2 25. Re1 Rd1 26. Rxd1 Qxd1+ 27.
Qe1 Qa4 28. b3 Qxa2 29. g3 Bb6 30. Kg2 Qc2 31. Qe8+ Kh7 32. Qxf7 Qxf2+ 33. Kh3
Qc5 34. Qxb7 Qf5+ 35. Kg2 Qc2+ 36. Kh3 Qf5+ 37. Kg2 Qc2+ 38. Kh3 Qf5+ 1/2-1/2

[Event "Nova Scotia op"]
[Site "Halifax CAN"]
[Date "2023.06.11"]
[Round "4"]
[White "Memet, Ryan"]
[Black "Kapra, Jerjis"]
[Result "0-1"]
[WhiteElo "1682"]
[BlackElo "2200"]
[PlyCount "96"]
[EventDate "2023.06.09"]
[EventType "swiss"]
[EventRounds "5"]
[EventCountry "CAN"]

1. d4 g6 2. c4 Bg7 3. Nf3 d6 4. g3 Nc6 5. Bg2 Bd7 6. Nc3 Qc8 7. e4 Bh3 8. O-O
h5 9. Bxh3 Qxh3 10. Ng5 Qd7 11. Be3 h4 12. g4 h3 13. f3 f6 14. d5 Nd8 15. Ne6
Nxe6 16. dxe6 Qxe6 17. Nd5 Qd7 18. Qb3 c5 19. Nf4 Kf7 20. Qd3 Bh6 21. Rad1 Bxf4
22. Bxf4 Qc6 23. Rf2 Rb8 24. Qc3 e5 25. Bg3 g5 26. Rfd2 Rd8 27. Qa5 Ne7 28. Bf2
b6 29. Qa6 Qc7 30. a3 Nc6 31. Rd3 Rd7 32. Qa4 Ke7 33. b4 Nd4 34. b5 Qb7 35.
R1d2 Ra8 36. Rb2 a6 37. Bxd4 cxd4 38. Qd1 Qc8 39. Qb3 axb5 40. Qxb5 Rb7 41. Qd5
Ra5 42. Rb5 Rxb5 43. Qxb5 Rc7 44. Qxb6 Rb7 45. Qa5 Qxc4 46. Qd2 Rb1+ 47. Kf2
Rh1 48. Qa5 Qc2+ 0-1

[Event "Nova Scotia op"]
[Site "Halifax CAN"]
[Date "2023.06.11"]
[Round "4"]
[White "Sarja, Sriram"]
[Black "Abela, Paul"]
[Result "1-0"]
[WhiteElo "2263"]
[BlackElo "1820"]
[PlyCount "47"]
[EventDate "2023.06.09"]
[EventType "swiss"]
[EventRounds "5"]
[EventCountry "CAN"]

1. Nf3 Nf6 2. c4 c5 3. Nc3 Nc6 4. d4 cxd4 5. Nxd4 d6 6. e4 a6 7. Be2 g6 8. Be3
Bg7 9. O-O O-O 10. Qd2 Ng4 11. Bxg4 Bxg4 12. f3 Bd7 13. Rfd1 Ne5 14. b3 Rb8 15.
a4 Bc6 16. a5 Qd7 17. Rac1 f5 18. exf5 Rxf5 19. Nxf5 Qxf5 20. Nd5 Re8 21. Rf1
h5 22. Bg5 Bf6 23. Bxf6 exf6 24. Rce1 1-0

[Event "Nova Scotia op"]
[Site "Halifax CAN"]
[Date "2023.06.11"]
[Round "5"]
[White "Dorrance, Adam"]
[Black "Sarja, Sriram"]
[Result "1/2-1/2"]
[WhiteElo "2404"]
[BlackElo "2263"]
[PlyCount "88"]
[EventDate "2023.06.09"]
[EventType "swiss"]
[EventRounds "5"]
[EventCountry "CAN"]

1. c4 Nf6 2. Nc3 e5 3. Nf3 Nc6 4. e3 Bb4 5. Qc2 a5 6. Nd5 O-O 7. a3 Bc5 8. Ng5
g6 9. h4 d6 10. Nxf6+ Qxf6 11. b3 Bf5 12. Ne4 Qe7 13. Bd3 Bb6 14. Bb2 Rfd8 15.
Nc3 Bxd3 16. Qxd3 Qe6 17. h5 Ne7 18. Qe4 c6 19. hxg6 Nxg6 20. Qf3 f5 21. Rh5
Rf8 22. Qh3 Qf7 23. O-O-O Rad8 24. Rh1 Rd7 25. g4 f4 26. Ne4 Bd8 27. c5 dxc5
28. Nxc5 Re7 29. Ne4 fxe3 30. fxe3 Qxb3 31. Rxh7 Qc4+ 32. Bc3 Rf1+ 33. Kb2 Rxh1
34. Nf6+ Kf8 35. Qxh1 Rxh7 36. Qxh7 Qb5+ 37. Ka2 Qc4+ 38. Kb2 Qb5+ 39. Kc2 Qa4+
40. Kc1 Qxa3+ 41. Bb2 Qc5+ 42. Kb1 Bxf6 43. Qxg6 Bg7 44. Qf5+ Ke7 1/2-1/2

[Event "Nova Scotia op"]
[Site "Halifax CAN"]
[Date "2023.06.11"]
[Round "5"]
[White "Heran-Boily, Samuel"]
[Black "Manley, Jason"]
[Result "0-1"]
[WhiteElo "1951"]
[BlackElo "2142"]
[PlyCount "32"]
[EventDate "2023.06.09"]
[EventType "swiss"]
[EventRounds "5"]
[EventCountry "CAN"]

1. e4 e6 2. d4 d5 3. Nd2 Nf6 4. e5 Nfd7 5. Bd3 c5 6. c3 Nc6 7. Ne2 cxd4 8. cxd4
Qb6 9. Nf3 f6 10. Nf4 Bb4+ 11. Kf1 Nd8 12. Ng5 fxg5 13. Qh5+ Nf7 14. Ng6 hxg6
15. Qxg6 Nf8 16. Qxg7 Qxd4 0-1

[Event "Nova Scotia op"]
[Site "Halifax CAN"]
[Date "2023.06.11"]
[Round "5"]
[White "Kapra, Jerjis"]
[Black "Kalinin, Dzmitry"]
[Result "0-1"]
[WhiteElo "2200"]
[BlackElo "2132"]
[PlyCount "62"]
[EventDate "2023.06.09"]
[EventType "swiss"]
[EventRounds "5"]
[EventCountry "CAN"]

1. e4 e6 2. Qe2 Be7 3. Nf3 d5 4. e5 Nh6 5. d3 Nf5 6. g3 c5 7. Bg2 Nc6 8. c3 b5
9. O-O b4 10. Nbd2 O-O 11. g4 bxc3 12. bxc3 Nh6 13. h3 f5 14. Nh2 Qc7 15. Ndf3
fxg4 16. hxg4 Nf7 17. Re1 Nh8 18. Nf1 Ng6 19. Ng3 Bd7 20. Nh5 Rab8 21. c4 d4
22. Qe4 Rxf3 23. Qxf3 Ncxe5 24. Qh3 Bc6 25. Nf4 Nh4 26. Bxc6 Qxc6 27. Re4 Nhf3+
28. Kf1 Ng5 29. Qg2 Nxe4 30. Qxe4 Qxe4 31. dxe4 Kf7 0-1

[Event "Ontario Closed"]
[Site "Toronto CAN"]
[Date "2023.06.30"]
[Round "1.2"]
[White "Lu, Eddie"]
[Black "Rek, Slava"]
[Result "0-1"]
[WhiteElo "1863"]
[BlackElo "2316"]
[PlyCount "74"]
[EventDate "2023.06.30"]
[EventType "swiss"]
[EventRounds "7"]
[EventCountry "CAN"]

1. Nf3 d5 2. c4 e6 3. d4 Nf6 4. Nc3 c5 5. e3 Nc6 6. a3 cxd4 7. exd4 Be7 8. cxd5
Nxd5 9. Bd3 O-O 10. O-O Nxc3 11. bxc3 b6 12. Ra2 Bb7 13. Rd2 Na5 14. Ne5 g6 15.
Re2 Qc7 16. Re3 Bf6 17. Ng4 Bg7 18. Bd2 Nc4 19. Rg3 f5 20. Nh6+ Kh8 21. Bg5 Nb2
22. Qc2 Nxd3 23. Qxd3 e5 24. dxe5 Qxe5 25. f4 Qc5+ 26. Kh1 Rae8 27. Rd1 Qf2 28.
h4 Re2 29. Rg1 Rd2 30. Qe3 Qxe3 31. Rxe3 Be4 32. Rge1 Bxg2+ 33. Kg1 Be4 34.
R1e2 Rxe2 35. Rxe2 Bxc3 36. Rh2 Kg7 37. Rh3 Bd4+ 0-1

[Event "Ontario Closed"]
[Site "Toronto CAN"]
[Date "2023.06.30"]
[Round "1.3"]
[White "Barron, Michael"]
[Black "Malakar, Saarthak"]
[Result "1-0"]
[WhiteElo "2266"]
[BlackElo "1836"]
[PlyCount "86"]
[EventDate "2023.06.30"]
[EventType "swiss"]
[EventRounds "7"]
[EventCountry "CAN"]

1. e4 c6 2. d4 d5 3. e5 Bf5 4. Nd2 e6 5. Nb3 Nd7 6. Be3 a6 7. Be2 Rc8 8. h4 h6
9. g4 Be4 10. f3 Bg6 11. h5 Bh7 12. Nh3 c5 13. c3 cxd4 14. Bxd4 g5 15. hxg6
Bxg6 16. Nf4 Ne7 17. Bd3 Rg8 18. Qe2 Qc7 19. Bxg6 Nxg6 20. Nd3 b6 21. f4 Nc5
22. Be3 Nxd3+ 23. Qxd3 Qc4 24. Qxc4 Rxc4 25. Nd4 Ne7 26. Rg1 Nc6 27. Ke2 Nxd4+
28. Bxd4 Bc5 29. Kd3 Bxd4 30. cxd4 Kd7 31. Rg2 Ke7 32. Rh1 Rg6 33. Rh4 Rc1 34.
Rc2 Rxc2 35. Kxc2 Rg8 36. Kd3 Rh8 37. f5 Ke8 38. Ke3 Kf8 39. Rh2 Kg7 40. Rc2
Rb8 41. Rc7 exf5 42. gxf5 Rh8 43. Rc2 h5 1-0

[Event "Ontario Closed"]
[Site "Toronto CAN"]
[Date "2023.06.30"]
[Round "1.4"]
[White "Xu, Ryan"]
[Black "Malakhovets, Sergey"]
[Result "1/2-1/2"]
[WhiteElo "1761"]
[BlackElo "2185"]
[PlyCount "80"]
[EventDate "2023.06.30"]
[EventType "swiss"]
[EventRounds "7"]
[EventCountry "CAN"]

1. d4 d5 2. c4 c6 3. Nf3 Nf6 4. Nc3 dxc4 5. g3 e6 6. Bg2 Nbd7 7. O-O b5 8. e4
b4 9. e5 bxc3 10. exf6 Nxf6 11. bxc3 Bd6 12. Ne5 Nd5 13. Nxc6 Qc7 14. Bxd5 exd5
15. Re1+ Be6 16. Ne5 O-O 17. f4 Rae8 18. Bd2 f6 19. Ng4 Bf5 20. Nf2 Rb8 21. Qf3
Qc6 22. g4 Bg6 23. f5 Bf7 24. Bf4 Qc7 25. Bxd6 Qxd6 26. Re2 Rb7 27. Rae1 Rfb8
28. Nh3 Rb1 29. Nf4 Rxe1+ 30. Rxe1 Rb2 31. Re2 Rxe2 32. Nxe2 Qa3 33. Qf4 h5 34.
Qb8+ Qf8 35. Qxf8+ Kxf8 36. gxh5 Bxh5 37. Kf2 Ke7 38. Nf4 Bf7 39. Kg3 Kd6 40.
Kg4 Ke7 1/2-1/2

[Event "Ontario Closed"]
[Site "Toronto CAN"]
[Date "2023.06.30"]
[Round "1.5"]
[White "Campbell, Ryan"]
[Black "Momic, Jovan"]
[Result "1-0"]
[WhiteElo "2181"]
[BlackElo "1716"]
[PlyCount "60"]
[EventDate "2023.06.30"]
[EventType "swiss"]
[EventRounds "7"]
[EventCountry "CAN"]

1. e4 d6 2. d4 Nf6 3. Nc3 c6 4. a4 Qa5 5. Bd2 Qb6 6. Nge2 e5 7. a5 Qc7 8. dxe5
dxe5 9. Nc1 Bb4 10. Bd3 Bxa5 11. O-O Bb6 12. Na4 Nbd7 13. Nb3 O-O 14. c4 Bd4
15. Nxd4 exd4 16. Rc1 c5 17. f4 Nb6 18. Nxb6 Qxb6 19. f5 Re8 20. Qf3 Nd7 21. g4
Ne5 22. Qg3 Nxd3 23. Qxd3 Qc6 24. Rce1 b6 25. Rf4 Bb7 26. f6 Re6 27. fxg7 Rae8
28. Kf2 Rxe4 29. Rexe4 Re5 30. Re3 Re4 1-0

[Event "Ontario Closed"]
[Site "Toronto CAN"]
[Date "2023.06.30"]
[Round "1.6"]
[White "O'Neil, Michael"]
[Black "Ning, Eric"]
[Result "1/2-1/2"]
[WhiteElo "1688"]
[BlackElo "2163"]
[PlyCount "61"]
[EventDate "2023.06.30"]
[EventType "swiss"]
[EventRounds "7"]
[EventCountry "CAN"]

1. e4 c5 2. Nf3 Nc6 3. Bb5 g6 4. Bxc6 bxc6 5. d4 Bg7 6. O-O cxd4 7. Nxd4 Bb7 8.
Nb3 d6 9. Re1 Nh6 10. Nc3 f6 11. a4 Nf7 12. a5 Rc8 13. Be3 c5 14. a6 Ba8 15.
Na5 O-O 16. Qg4 f5 17. exf5 Ne5 18. Qh4 gxf5 19. Bg5 Rf7 20. Nb7 Qd7 21. Nd5
Bf8 22. Rad1 Ng6 23. Qc4 Bxb7 24. axb7 Qxb7 25. h4 h6 26. Bf4 Qxb2 27. c3 Rd8
28. Rb1 Qc2 29. Rbc1 Qb2 30. Rb1 Qc2 31. Rbc1 1/2-1/2

[Event "Ontario Closed"]
[Site "Toronto CAN"]
[Date "2023.06.30"]
[Round "1.7"]
[White "Qian, Eric"]
[Black "Tenkov, Arkadii"]
[Result "1-0"]
[WhiteElo "2157"]
[BlackElo "1662"]
[PlyCount "51"]
[EventDate "2023.06.30"]
[EventType "swiss"]
[EventRounds "7"]
[EventCountry "CAN"]

1. Nf3 Nf6 2. c4 e6 3. g3 b6 4. Bg2 Bb7 5. O-O Be7 6. Nc3 O-O 7. d4 d5 8. b3 c5
9. cxd5 Nxd5 10. Bb2 Bf6 11. Ne4 Kh8 12. Nxf6 Qxf6 13. Qd2 cxd4 14. Nxd4 Qe7
15. Rfd1 Nf6 16. Ba3 Qxa3 17. Bxb7 Nbd7 18. Bxa8 Rxa8 19. Rac1 Qf8 20. Nf3 h6
21. Rc7 Nc5 22. Ne5 Nce4 23. Qc2 Kg8 24. Rxf7 Qe8 25. Qc7 Nh5 26. Rdd7 1-0

[Event "Ontario Closed"]
[Site "Toronto CAN"]
[Date "2023.07.01"]
[Round "1.7"]
[White "Yang, Larry"]
[Black "Velasquez, Noah"]
[Result "1-0"]
[WhiteElo "1955"]
[BlackElo "1424"]
[PlyCount "69"]
[EventDate "2023.06.30"]
[EventType "swiss"]
[EventRounds "7"]
[EventCountry "CAN"]

1. e4 e5 2. Nf3 Nc6 3. Bc4 Bc5 4. c3 Nf6 5. d4 exd4 6. e5 Ng8 7. cxd4 Bb4+ 8.
Nc3 d5 9. exd6 Qxd6 10. O-O Nge7 11. Nb5 Qd8 12. Qb3 O-O 13. d5 a6 14. dxc6
axb5 15. Qxb4 bxc4 16. cxb7 Bxb7 17. Qxb7 Qd6 18. Qe4 Rfe8 19. Bf4 Qd7 20. Qxc4
c6 21. Bg3 Ng6 22. Rac1 c5 23. Rfd1 Qb7 24. Rd2 Qc6 25. h3 Rec8 26. b3 h6 27.
Ne5 Qf6 28. Nxg6 Qxg6 29. Rd6 Qg5 30. Rd5 Qf6 31. a4 Qb6 32. Bd6 Re8 33. Bxc5
Qe6 34. Be3 Rac8 35. Rc5 1-0

[Event "Ontario Closed"]
[Site "Toronto CAN"]
[Date "2023.07.30"]
[Round "1.8"]
[White "Murali, Dhruv"]
[Black "Laughlin, Braden"]
[Result "0-1"]
[WhiteElo "1635"]
[BlackElo "2117"]
[PlyCount "70"]
[EventDate "2023.06.30"]
[EventType "swiss"]
[EventRounds "7"]
[EventCountry "CAN"]

1. b3 d5 2. Bb2 Bf5 3. e3 e6 4. d4 Bd6 5. Nf3 Nd7 6. c4 c6 7. a3 h6 8. Bd3 Bxd3
9. Qxd3 Ngf6 10. Nbd2 Qb8 11. h3 O-O 12. Rc1 Re8 13. O-O e5 14. dxe5 Nxe5 15.
Nxe5 Bxe5 16. Bxe5 Qxe5 17. cxd5 Nxd5 18. Nf3 Qe7 19. b4 Rad8 20. Qd4 a6 21.
Qc5 Nc7 22. Rfd1 Qxc5 23. bxc5 Rxd1+ 24. Rxd1 Ne6 25. Rc1 Rd8 26. e4 Rd3 27. a4
f6 28. Kf1 Ra3 29. Rc4 Nf4 30. Ne1 Ra1 31. Rd4 Rc1 32. Rd8+ Kh7 33. Rd7 Ne6 34.
Rxb7 Nxc5 35. Rb2 Rxe1+ 0-1

[Event "Ontario Closed"]
[Site "Toronto CAN"]
[Date "2023.06.30"]
[Round "1.10"]
[White "Schyngera, Eli"]
[Black "Moses, Neil"]
[Result "1/2-1/2"]
[WhiteElo "1551"]
[BlackElo "2029"]
[PlyCount "73"]
[EventDate "2023.06.30"]
[EventType "swiss"]
[EventRounds "7"]
[EventCountry "CAN"]

1. d4 Nf6 2. c4 e6 3. Nf3 b6 4. Nc3 Bb7 5. e3 c6 6. e4 d5 7. e5 Ne4 8. cxd5
exd5 9. Bd3 c5 10. Qc2 cxd4 11. Nxe4 dxe4 12. Bxe4 Bb4+ 13. Bd2 Bxd2+ 14. Nxd2
Bxe4 15. Qxe4 Nd7 16. Qxd4 Nc5 17. Qxd8+ Rxd8 18. Nc4 O-O 19. O-O Rd4 20. b3
Rfd8 21. f4 f6 22. Nd6 fxe5 23. fxe5 Nd7 24. Nf7 Re8 25. Rae1 Rd5 26. e6 Nc5
27. h4 Rxe6 28. Ng5 Ree5 29. Rxe5 Rxe5 30. Rd1 Ne6 31. Nxe6 Rxe6 32. Rd7 a6 33.
Kf2 Rc6 34. Ke2 Rc2+ 35. Rd2 Rxd2+ 36. Kxd2 Kf7 37. Ke3 1/2-1/2

[Event "Ontario Closed"]
[Site "Toronto CAN"]
[Date "2023.06.30"]
[Round "1.12"]
[White "Sheth, Rudra"]
[Black "Lu, Tony"]
[Result "0-1"]
[WhiteElo "1444"]
[BlackElo "1999"]
[PlyCount "60"]
[EventDate "2023.06.30"]
[EventType "swiss"]
[EventRounds "7"]
[EventCountry "CAN"]

1. e4 e6 2. d4 d5 3. Nc3 Bb4 4. e5 c5 5. a3 Bxc3+ 6. bxc3 Ne7 7. Qg4 Qc7 8.
Qxg7 Rg8 9. Qxh7 cxd4 10. Qd3 Qxe5+ 11. Ne2 dxc3 12. Qxc3 Qh5 13. Ng3 Qh4 14.
a4 Nbc6 15. Ba3 Bd7 16. Bd3 O-O-O 17. Rb1 Kb8 18. a5 Bc8 19. Bxe7 Nxe7 20. Qe5+
Ka8 21. a6 Rd7 22. Bb5 Ng6 23. Qh5 Rc7 24. Bd3 Nf4 25. Qxh4 Nxg2+ 26. Kf1 Nxh4
27. axb7+ Bxb7 28. Ke2 e5 29. Kd2 Nf3+ 30. Ke2 e4 0-1

[Event "Ontario Closed"]
[Site "Toronto CAN"]
[Date "2023.06.30"]
[Round "1.13"]
[White "Zheng, Chen Ji"]
[Black "Velasquez, Noah"]
[Result "0-1"]
[WhiteElo "1997"]
[BlackElo "1424"]
[PlyCount "78"]
[EventDate "2023.06.30"]
[EventType "swiss"]
[EventRounds "7"]
[EventCountry "CAN"]

1. e4 e5 2. Nf3 Nc6 3. Nc3 Nf6 4. d4 exd4 5. Nxd4 Bb4 6. Nxc6 bxc6 7. Bd3 d5 8.
exd5 cxd5 9. O-O c6 10. h3 O-O 11. Bg5 Be7 12. Re1 Rb8 13. Qe2 Bd6 14. Na4 Bd7
15. c4 h6 16. Bh4 g5 17. Bg3 Bxg3 18. fxg3 Be6 19. Kh2 Qd6 20. b3 Rbe8 21. Qf3
Nd7 22. Qh5 Kg7 23. Rad1 Ne5 24. cxd5 Bg4 25. hxg4 Nxd3 26. Rxe8 Rxe8 27. Rxd3
cxd5 28. Nc3 Qc5 29. Rf3 Rf8 30. Nd1 d4 31. Kh1 Qc2 32. Rf1 Qe2 33. Kg1 d3 34.
Qh1 Re8 35. Nf2 d2 36. Kh2 Rh8 37. Qg1 h5 38. gxh5 Rxh5+ 39. Nh3 Rxh3+ 0-1

[Event "Ontario Closed"]
[Site "Toronto CAN"]
[Date "2023.06.30"]
[Round "1.14"]
[White "Bakradze, Joshua"]
[Black "Reshetar, Oleksandr"]
[Result "0-1"]
[WhiteElo "1335"]
[BlackElo "1978"]
[PlyCount "62"]
[EventDate "2023.06.30"]
[EventType "swiss"]
[EventRounds "7"]
[EventCountry "CAN"]

1. e4 c6 2. Nf3 d5 3. Nc3 dxe4 4. Nxe4 Nf6 5. Qe2 Nxe4 6. Qxe4 Qd5 7. Qxd5 cxd5
8. d4 Nc6 9. c3 f6 10. Bf4 Bg4 11. Be2 g5 12. Bg3 Bf5 13. Rd1 h5 14. h3 e6 15.
Bd3 Bxd3 16. Rxd3 Kd7 17. Kd1 Ne7 18. Nd2 Nf5 19. h4 gxh4 20. Bxh4 Be7 21. Nf3
Rhg8 22. Ne1 b5 23. f3 a5 24. Bf2 h4 25. Rg1 b4 26. Kc2 Rab8 27. Kc1 bxc3 28.
Rxc3 e5 29. Nc2 Rg6 30. Rd3 Ke6 31. Ne3 Nxd4 0-1

[Event "Ontario Closed"]
[Site "Toronto CAN"]
[Date "2023.06.30"]
[Round "1.15"]
[White "Zhao, Jifan"]
[Black "Narula, Japveer"]
[Result "1-0"]
[WhiteElo "1974"]
[BlackElo "1279"]
[PlyCount "97"]
[EventDate "2023.06.30"]
[EventType "swiss"]
[EventRounds "7"]
[EventCountry "CAN"]

1. e4 e5 2. Nf3 Nc6 3. Bb5 a6 4. Ba4 Nf6 5. d3 b5 6. Bb3 Bc5 7. Nc3 d6 8. Nd5
Be6 9. Bg5 Nd4 10. Nxd4 Bxd4 11. c3 Ba7 12. Qf3 Bxd5 13. Bxd5 Rb8 14. Bc6+ Kf8
15. O-O h6 16. Bh4 b4 17. Rab1 Kg8 18. Qf5 bxc3 19. bxc3 Rb6 20. Bxf6 Qxf6 21.
Qxf6 gxf6 22. Rxb6 Bxb6 23. g3 Kg7 24. Kg2 Rb8 25. Rb1 Rd8 26. f4 Rb8 27. a4 a5
28. Kh3 Rd8 29. Kg4 Rb8 30. Kf5 Rd8 31. g4 Rh8 32. h4 h5 33. g5 fxg5 34. fxe5
g4 35. exd6 g3 36. e5 g2 37. Bxg2 cxd6 38. Rxb6 dxe5 39. Kxe5 Rd8 40. d4 Re8+
41. Kd6 Re6+ 42. Kc7 Re7+ 43. Kd8 Re3 44. c4 Rd3 45. d5 Rd4 46. c5 Kf8 47. c6
Rxa4 48. c7 Rc4 49. Rc6 1-0

[Event "Ontario Closed"]
[Site "Toronto CAN"]
[Date "2023.06.30"]
[Round "1.16"]
[White "Lin, Austin"]
[Black "Zhong, Ryan Yunhui"]
[Result "1-0"]
[WhiteElo "1246"]
[BlackElo "1972"]
[PlyCount "149"]
[EventDate "2023.06.30"]
[EventType "swiss"]
[EventRounds "7"]
[EventCountry "CAN"]

1. e4 e6 2. c4 d5 3. cxd5 exd5 4. exd5 Qxd5 5. Nc3 Qd8 6. Nf3 Nf6 7. d4 Be7 8.
Bc4 Bg4 9. Bxf7+ Kf8 10. Bb3 Nc6 11. Be3 Qd7 12. h3 Bxf3 13. Qxf3 h6 14. Rd1 a5
15. a3 Nd8 16. Nd5 a4 17. Bc4 Qc6 18. Rc1 Ra5 19. Nf4 Qxf3 20. Ng6+ Ke8 21.
gxf3 Rh7 22. Nxe7 Kxe7 23. Bd3 c6 24. Bxh7 Nxh7 25. Rc5 Ra8 26. Rg1 Ne6 27. Re5
Kd7 28. f4 Re8 29. h4 Rg8 30. f5 Nd8 31. Ra5 Nf6 32. Rxa4 Nf7 33. Rb4 Kc8 34.
Rb3 Nd6 35. Bf4 Nxf5 36. Be5 Re8 37. Kd1 Ne4 38. Rf3 Ne7 39. Rf4 Nf6 40. Bxf6
gxf6 41. Rxf6 h5 42. Rg5 Nd5 43. Rfg6 Kc7 44. Rxh5 Re4 45. Rh7+ Kb6 46. Rgg7
Rxd4+ 47. Kc2 Nf6 48. Rxb7+ Kc5 49. b4+ Kc4 50. Rhc7 Rf4 51. Rxc6+ Kd5 52. Rc5+
Kd4 53. h5 Rxf2+ 54. Kb3 Rh2 55. Rf7 Ne4 56. Rc4+ Kd5 57. Rf5+ Ke6 58. Rxe4+
Kxf5 59. Rc4 Ke5 60. b5 Kd6 61. Rc6+ Kd5 62. h6 Rh1 63. Kb4 Rh4+ 64. Ka5 Rh3
65. a4 Rh4 66. Rg6 Rh5 67. Ka6 Rh4 68. a5 Kc5 69. b6 Kb4 70. b7 Rh5 71. b8=Q+
Ka4 72. Rg4+ Ka3 73. Qd6+ Ka2 74. Qd2+ Ka3 75. Rg3+ 1-0